000 00742nam a2200241 i 4500
001 bg
100 1 _aGRABARA, Maria
245 1 0 _aWolfgang Borchert :
_bżycie i twórczość /
_cMaria Grabara ; Politechnika Częstochowska.
260 _aCzęstochowa :
_bWydaw. PC,
_c2003.
300 _a178 s. :
_bil. ;
_c24 cm.
500 _aStreszcz. ang., niem.
504 _aBibliogr.
600 1 9 _aBorchert, Wolfgang (1921-1947)
_xbiografia
650 9 _aLiteratura niemiecka
_xhistoria
_y20 w.
710 0 _aPolitechnika Częstochowska
020 _a8371931972
040 _cBPK
041 0 _apol
_bengger
080 _a821.112.2(091):929-052]"19"A/Z
920 _a83-7193-197-2
942 _cKS
008 s pl f |000 0 pol
999 _c42908
_d42908
856 _uhttp://koha.tu.koszalin.pl/cgi-bin/koha/opac-detail.pl?biblionumber=42908
_yKatalog online BPK